000 00719nam a2200253 a 4500
999 _c11751
_d11751
001 11751
003 BD-JhCC
005 20220310100519.0
008 200831b2018 enka|||| ||a| 001 0 eng d
020 _a9780241226315
035 _a(BD-JhCC)11751
040 _aBD-JhCC
_dBD-JhCC
041 _aeng
082 _a428.24
_bHAR 2018
100 _aHarding, Rachel
245 _aEnglish for everyone :
_bcourse book /
_cRachel Harding
260 _aLondon:
_bDK Publishers;
_c2018.
300 _a2 vol.
_bill
_c24 cm.
500 _aLevel 1 Beginner Level 2 Beginner
650 _aVocabulary
650 _aEnglish language
_vTextbooks for foreign speakers.
650 _aEnglish language
_vGrammar.
942 _2ddc
_cBK